An introduction to random vibrations, spectral and wavelet analysis / (Record no. 546715)
[ view plain ]
| 000 -LEADER | |
|---|---|
| fixed length control field | 01004cam a2200253 a 4500 |
| 020 ## - INTERNATIONAL STANDARD BOOK NUMBER | |
| International Standard Book Number | 0470221534 (USA only) |
| 020 ## - INTERNATIONAL STANDARD BOOK NUMBER | |
| International Standard Book Number | 0582215846 |
| 022 ## - INTERNATIONAL STANDARD SERIAL NUMBER | |
| International Standard Serial Number | 0582 21584 6 |
| 082 00 - DEWEY DECIMAL CLASSIFICATION NUMBER | |
| Classification number | 531/.32 |
| Author Mark | NEW |
| -- | N-01, P-101 |
| 100 1# - MAIN ENTRY--PERSONAL NAME | |
| Personal name | Newland, D. E. |
| 9 (RLIN) | 42895 |
| 245 13 - TITLE STATEMENT | |
| Title | An introduction to random vibrations, spectral and wavelet analysis / |
| Statement of responsibility, etc. | D.E. Newland. |
| 250 ## - EDITION STATEMENT | |
| Edition statement | 3rd ed. |
| 260 ## - PUBLICATION, DISTRIBUTION, ETC. | |
| Place of publication, distribution, etc. | Harlow, Essex, England : |
| Name of publisher, distributor, etc. | Longman Scientific & Technical ; |
| Place of publication, distribution, etc. | New York : |
| Name of publisher, distributor, etc. | Wiley, |
| Date of publication, distribution, etc. | c1993. |
| 300 ## - PHYSICAL DESCRIPTION | |
| Extent | xxix, 477 p. : |
| Other physical details | ill. ; |
| Dimensions | 24 cm. |
| 500 ## - GENERAL NOTE | |
| General note | Companion to: Mechanical vibration analysis and computation. |
| 500 ## - GENERAL NOTE | |
| General note | Previous edition published under title: An introduction to random vibrations and spectral analysis. |
| 526 ## - STUDY PROGRAM INFORMATION NOTE | |
| Program name | 0 |
| Interest level | 0 |
| Reading level | 0 |
| Title point value | 531_320000000000000_NEW |
| 650 #0 - SUBJECT ADDED ENTRY--TOPICAL TERM | |
| Topical term or geographic name entry element | Random vibration. |
| 9 (RLIN) | 42896 |
| 650 #0 - SUBJECT ADDED ENTRY--TOPICAL TERM | |
| Topical term or geographic name entry element | Spectral theory (Mathematics) |
| General subdivision | Data processing. |
| 9 (RLIN) | 42897 |
| 650 #0 - SUBJECT ADDED ENTRY--TOPICAL TERM | |
| Topical term or geographic name entry element | Wavelets (Mathematics) |
| 9 (RLIN) | 10608 |
| 700 1# - ADDED ENTRY--PERSONAL NAME | |
| Personal name | Newland, D.E. |
| 9 (RLIN) | 42898 |
| 700 1# - ADDED ENTRY--PERSONAL NAME | |
| Personal name | Newland, D.E. |
| 9 (RLIN) | 42898 |
| 942 ## - ADDED ENTRY ELEMENTS (KOHA) | |
| Source of classification or shelving scheme | |
| Koha item type | Book |
| Withdrawn status | Lost status | Source of classification or shelving scheme | Damaged status | Not for loan | Permanent Location | Current Location | Date acquired | Total Checkouts | Full call number | Barcode | Date last seen | Price effective from | Koha item type |
|---|---|---|---|---|---|---|---|---|---|---|---|---|---|
| Military College of Engineering (MCE) | Military College of Engineering (MCE) | 06/18/2014 | 531/.32 NEW | MCE-36719 | 06/18/2014 | 06/18/2014 | Book |
